La marinera, baile nacional del Perú : (Record no. 20651)

000 -CABECERA
fixed length control field 01042nam a22002297a 4500
003 - IDENTIFICADOR DEL NÚMERO DE CONTROL
control field AR-CdUCM
008 - DATOS DE LONGITUD FIJA--INFORMACIÓN GENERAL
fixed length control field 190601b ||||| |||| 00| 0 spa d
040 ## - FUENTE DE LA CATALOGACIÓN
Agencia/entidad que catalogó originalmente la obra MUNICIPALIDAD PROVINCIAL DEL CUSCO
Entidad que transcribió la catalogación BIBLIOTECA MUNICIPAL DEL CUSCO
082 ## - NÚMERO DE LA CLASIFICACIÓN DECIMAL DEWEY
No. de Clasificación 793.318 /
Notacion interna A31
100 ## - ENTRADA PRINCIPAL--NOMBRE DE PERSONA
Nombre Personal Aguilar Luna-Victoria, Carlos
245 ## - MENCIÓN DE TÍTULO
Título La marinera, baile nacional del Perú :
Resto del título Alcances teóricos para la ejecución del baile de la marinera :
-- Ilustraciones e informaciones folklóricas /
260 ## - PUBLICACIÓN, DISTRIBUCIÓN, ETC.
Lugar de publicación, distribución, etc. Lima :
Nombre de la editorial, distribuidor, etc. Ministerio de Educación,
Fecha de publicación, distribución, etc. 1989.
300 ## - DESCRIPCIÓN FÍSICA
Nº de Páginas Extensión 305 páginas ;
Dimensiones 21 cm.
Otros detalles físicos Imágenes.
505 ## - NOTA DE CONTENIDO CON FORMATO
Nota de contenido formateada Contenido: Breve reseña histórica de la marinera norteña -- Discusiones e historia -- Generalidades y estructura...
650 ## - PUNTO DE ACCESO ADICIONAL DE MATERIA--TÉRMINO DE MATERIA
Descriptor Marinera
9 (RLIN) 34780
650 ## - PUNTO DE ACCESO ADICIONAL DE MATERIA--TÉRMINO DE MATERIA
Descriptor Música
9 (RLIN) 1443
650 ## - PUNTO DE ACCESO ADICIONAL DE MATERIA--TÉRMINO DE MATERIA
Descriptor Baile
9 (RLIN) 43168
650 ## - PUNTO DE ACCESO ADICIONAL DE MATERIA--TÉRMINO DE MATERIA
Descriptor Perú
9 (RLIN) 35
942 ## - ELEMENTOS DE PUNTO DE ACCESO ADICIONAL (KOHA)
Fuente de clasificación
Tipo de item Libros-BMC
945 ## - PROCESAMIENTO DE INFORMACIÓN LOCAL (OCLC)
Catalogador Javier
Holdings
Estado de retiro (separado) Fuente de clasificación o esquema de estanterías Estado dañado Ubicación Sala donde se ubica Nombre de la colección Fecha de adquisición o compra Costo, precio normal en soles Signatura topográfica Código de Barras Última vez visto (Koha) Tipo de ítem (Koha)
No     Sala Artes Sala Artes Book Cart 2019-06-01 30.00 793.318 / A31 SA0000000558 2019-06-01 Libros-BMC

Powered by Koha